000 00362 a2200133 4500
000 nam a22 7a 4500
100 _aArun Kumar Patnaik
110 _aArun Kumar Patnaik
245 _aGramsci And South Asia: Common Sense Religion And Political Society
250 _alatest edition
260 _bRoutledge
_c2025
264 _bRoutledge
_c2025
942 _cBK
999 _c395329
_d395329